00591 2200205 4500001002100000005001500021035002000036245008300056100002600139260004400165020002200209008004100231082001000272084001600282650001800298650000800316650003100324990001500355990001500370INLIS00000000000011220251120072322 a0010-11250001121 aCara Mudah Memakai Microsoft Office FrontPage 2003 /cIr. Pandanpotan Sianipar1 aSianipar, Pandanpotan aJakarta :bElex Media Komputindo,c2005 a978-979-20-7033-8251120 g 0 ind  a005.5 a005.5 SIA c aIlmu Komputer aTIK aMicrosoft Office FrontPage a0072/TP/15 a0072/TP/15